000 00613nam a2200229 a 4500
999 _c4167
_d4167
001 4167
003 BD-JhCC
005 20181122134016.0
008 171123s2009 cn||||| |||| 00| 0 eng d
020 _a978143170884
035 _a(BD-JhCC)
040 _aBD-JhCC
_dBD-JhCC
041 _aeng
082 _a647.94092
_bSHA 2009
100 _aSharp, Isadore
245 _aFour Seasons :
_bThe stories of a business philosophy /
_cIsadore Sharp; Alan Phillips
260 _aCanada :
_bPenguin,
_c2009
300 _a302 p. :
_c23cm.
650 _aHotel Managment
700 _aPhillips, Alan
942 _2ddc
_cBK
_01